000 00524nam a22001577a 4500
008 160803b xxu||||| |||| 00| 0 eng d
020 _a978-971-9617-88-4
082 _aDFil 363.25 V65 2016
100 _912179
_aVibar, Luisito B.
245 _aAn infallible science of identification/
_cLuisito B. Vibar.
260 _aQuezon City:
_bWiseman's Books Trading,
_cc2016.
300 _a207 pages:
_billustrations;
_c22 cm.
500 _aIncludes bibliographical references.
650 0 _912182
_aFingerprints.
942 _2ddc
_cDFIL
999 _c3657
_d3657